000 00640nam a2200193Ia 4500
008 151121s9999||||xx |||||||||||||| ||und||
082 _a813/जोशी
082 _bHNW-55251
100 _aजोशी स्नेहल
245 _aभातुकली आणि घरटे
260 _b"मनमोहिनी प्रकाशन, पुणे।"
260 _c--
300 _a141
600 _aजोशी स्नेहल
630 _aभातुकली आणि घरटे
700 _aजोशी स्नेहल
730 _aभातुकली आणि घरटे
942 _cBOOK
999 _c1238210
_d1238207